Textos legals a Catalunya : I) Estatut Interior de Catalunya. II) Reglament del Notariat de Catalunya. III) Traspàs de serveis de Justícia. IV) Restauració del català en l'administració de Justícia I) Estatut Interior de Catalunya. II) Reglament del Notariat de Catalunya. III) Traspàs de serveis de Justícia. IV) Restauració del català en l'administració de Justícia
MARC
| LEADER | 00000nam a2200000Ia 4500 | ||
|---|---|---|---|
| 001 | 615 | ||
| 008 | 160829s1933 xx 000 0 cat d | ||
| 080 | |a D-1-120 | ||
| 100 | |a Catalunya. Lleis, etc. |9 35754 | ||
| 245 | |a Textos legals a Catalunya : |b I) Estatut Interior de Catalunya. II) Reglament del Notariat de Catalunya. III) Traspàs de serveis de Justícia. IV) Restauració del català en l'administració de Justícia | ||
| 260 | |a Barcelona : |b Impr. Casa Caritat, |c 1933 | ||
| 300 | |a 141 p. ; |c 20 cm | ||
| 490 | |a Generalitat de Catalunya. Publicacions del Departament de Justícia i Dret ; 3 | ||
| 650 | |a Notaris |x Catalunya |x Reglaments i procediment |9 30816 | ||
| 650 | 0 | |a Justícia |x Administració |z Catalunya |9 17425 | |
| 650 | |a Catalunya. Estatut (1933) | ||
| 901 | |a Arxiu | ||
| 942 | |n 1 | ||
| 952 | |0 0 |1 0 |4 0 |6 D1120 |7 1 |9 45535 |a Arxiu |b Arxiu |d 2016-12-01 |l 0 |o D-1-120 |p 615 |r 2016-12-01 00:00:00 |w 2016-12-01 |y ARXIU | ||
| 999 | |c 48703 |d 48703 | ||